000 01256cam a22002891 4500
001 gs 41000179
003 DLC
005 20260227111347.0
008 790608r19411941ilua 000 0 eng c
010 _ags 41000179
035 _a(OCoLC)5048429
040 _aU.S. Geol. Survey. Library
_cTxCM
_dOCoLC
_dDLC
042 _apremarc
050 0 0 _aTN805.I3
_bR44
082 _a662.6
100 1 _aRees, Orin Wainwright,
_d1898-
245 1 0 _aMoisture relations of banded ingredients in an Illinois coal,
_cby O.W. Rees, G.W. Land, and F.H. Reed ... Printed by authority of the state of Illinois.
260 _aUrbana, Ill.,
_c1941.
300 _a10 p. incl. tables, diagrs.
_c25 cm.
490 0 _aIllinois State Geological Survey. Report of investigations
_vno. 73
500 _aAt head of title: State of Illinois, Dwight H. Green, governor. Dept. of Registration and Education, Frank G. Thompson, director. Division of the State Geological Survey, M.M. Leighton, chief, Urbana ...
500 _a"Reprinted from Industrial and Engineering Chemistry, vol. 33, no. 3, March, 1941."
650 0 _aCoal
_zIllinois.
650 0 _aCoal
_xAnalysis.
700 1 _aLand, George William,
_ejoint author.
700 1 _aReed, Frank Hynes,
_d1890-
_ejoint author.
999 _c27752
_d27752